000 00479nam a2200181Ia 4500
008 100917s9999 xx 000 0 und d
082 _b9811
100 _aटिळक ज. श्री.
245 _aअशी ही दिल्ली
260 _b---
300 _a272
365 _b10
520 _aनिबंध
630 _aअशी ही दिल्ली
650 _aनिबंध
730 _aअशी ही दिल्ली
942 _cBOOK
999 _c615205
_d615202